000 00842cam a22002651 4500
001 af 48000102
003 DLC
005 20260227110841.0
008 840208s1942 pl 000 0 ger
010 _aaf 48000102
035 _a(OCoLC)10389420
040 _aDLC
_cCoU
_dDLC
042 _apremarc
050 0 0 _aDD240
_b.K7 1942
100 1 _aKrockow, Martin,
_d1883-
245 1 0 _aVom Novemberstaat zum Grossdeutschen Reich.
250 _a4., erweiterte Aufl.
260 _aBreslau,
_bF.Hirt,
_c1942.
300 _a395 p.
_c21 cm.
500 _aFirst and second editions pub. under title: Deutschlands Zusammenbruch und Freiheitskampf.
650 0 _aWorld War, 1914-1918
_zGermany.
610 2 0 _aNationalsozialistische Deutsche Arbeiter-Partei.
651 0 _aGermany
_xHistory
_y1918-1933.
651 0 _aGermany
_xHistory
_y1933-1945.
999 _c3924
_d3924